[Event "Araraquara op 2nd"]
[Site "Araraquara"]
[Date "2024.02.13"]
[Round "7"]
[White "Filgueiras, Nathan Felipe"]
[Black "De Rossi, Pedro Donizeti"]
[Result "1/2-1/2"]
[WhiteElo "2323"]
[BlackElo "2096"]
[PlyCount "85"]
[EventDate "2024.02.10"]
[EventType "swiss"]
[EventRounds "7"]
[EventCountry "BRA"]
[SourceTitle "CB09_2024"]
[SourceDate "2024.02.28"]
[SourceVersion "1"]
[SourceVersionDate "2024.02.28"]
[SourceQuality "1"]

1. e4 e5 2. Nf3 Nc6 3. Bc4 Bc5 4. 0-0 Nf6 5. d3 d6 6. c3 0-0 7. h3 h6 8. Re1 a5 9. Nbd2 Rb8 10. a4 Qe7 11. Bb3 Be6 12. Bc2 Qd7 13. Nf1 d5 14. exd5 Qxd5 15. Ne3 Bxe3 16. Bxe3 Bf5 17. Re2 Rbd8 18. Rd2 Rfe8 19. Bb3 Qd6 20. d4 e4 21. d5 Ne5 22. Nxe5 Qxe5 23. c4 Bg6 24. Rc1 Qf5 25. Bd4 Bh5 26. Qe1 Bf3 27. Bxf6 Qxf6 28. Qe3 Qg6 29. g3 Qh5 30. Bd1 Re5 31. Qf4 Rde8 32. Kh2 Rf5 33. Bxf3 exf3 34. g4 Qxh3+ 35. Kxh3 Rxf4 36. Kg3 g5 37. c5 Ree4 38. d6 Rxg4+ 39. Kxf3 cxd6 40. cxd6 Ref4+ 41. Ke3 Re4+ 42. Kf3 Ref4+ 43. Ke3 1/2-1/2

[Event "Araraquara op 2nd"]
[Site "Araraquara"]
[Date "2024.02.11"]
[Round "3"]
[White "Delgado Ramirez, Neuris"]
[Black "De Rossi, Pedro Donizeti"]
[Result "1-0"]
[WhiteElo "2517"]
[BlackElo "2096"]
[PlyCount "75"]
[EventDate "2024.02.10"]
[EventType "swiss"]
[EventRounds "7"]
[EventCountry "BRA"]
[SourceTitle "CB09_2024"]
[SourceDate "2024.02.28"]
[SourceVersion "1"]
[SourceVersionDate "2024.02.28"]
[SourceQuality "1"]

1. e4 c5 2. Nf3 d6 3. Bb5+ Bd7 4. Bxd7+ Qxd7 5. 0-0 Nf6 6. Qe2 Nc6 7. c3 Ne5 8. Nxe5 dxe5 9. Na3 Qc6 10. d3 e6 11. Nc4 Nd7 12. f4 exf4 13. Bxf4 b5 14. Ne3 Be7 15. Qf3 0-0 16. d4 cxd4 17. cxd4 Qb6 18. Rad1 Rac8 19. Kh1 Kh8 20. d5 Bc5 21. dxe6 Qxe6 22. Nf5 Ne5 23. Qg3 Ng6 24. h4 Rg8 25. Bd6 f6 26. h5 Ne5 27. Bxc5 Rxc5 28. Rd8 g6 29. hxg6 Nxg6 30. Qb8 a6 31. Qa7 Rxf5 32. exf5 Qe2 33. Rxg8+ Kxg8 34. Qa8+ Nf8 35. Qd5+ Kg7 36. Rf3 Qe1+ 37. Kh2 Qe5+ 38. Rg3+ 1-0

[Event "Araraquara op 2nd"]
[Site "Araraquara"]
[Date "2024.02.10"]
[Round "1"]
[White "De Souza, Arthur Neres"]
[Black "De Rossi, Pedro Donizeti"]
[Result "0-1"]
[WhiteElo "1445"]
[BlackElo "2096"]
[PlyCount "94"]
[EventDate "2024.02.10"]
[EventType "swiss"]
[EventRounds "7"]
[EventCountry "BRA"]
[SourceTitle "CB09_2024"]
[SourceDate "2024.02.28"]
[SourceVersion "1"]
[SourceVersionDate "2024.02.28"]
[SourceQuality "1"]

1. d4 Nf6 2. c4 e6 3. Nc3 d5 4. cxd5 exd5 5. Bg5 Be7 6. e3 h6 7. Bh4 Nbd7 8. f3 0-0 9. Bd3 c5 10. Nge2 cxd4 11. Nxd4 Ne5 12. 0-0 Nxd3 13. Qxd3 Re8 14. Qb5 a6 15. Qb3 g5 16. Bf2 Bd6 17. Kh1 Be5 18. Rad1 Qd6 19. e4 dxe4 20. Nxe4 Nxe4 21. fxe4 Qg6 22. Nf3 Bg7 23. e5 b5 24. Rd6 Be6 25. Qc3 Qf5 26. a3 g4 27. Nd4 Qxe5 28. Nxe6 Qxc3 29. bxc3 Rxe6 30. Rxe6 fxe6 31. Bd4 Rd8 32. Kg1 Bxd4+ 33. cxd4 Rxd4 34. Rf6 Re4 35. Rxh6 Kg7 36. Rh5 Ra4 37. h3 Kg6 38. hxg4 Rxa3 39. Kf2 b4 40. g5 a5 41. Rh6+ Kxg5 42. Rxe6 b3 43. Rb6 a4 44. Rb4 Ra2+ 45. Ke3 b2 46. Kd3 a3 47. Kc2 Ra1 0-1

[Event "Barrinha op 1st"]
[Site "Barrinha"]
[Date "2013.??.??"]
[Round "5"]
[White "De Rossi, Pedro Donizeti"]
[Black "Bonvini, Alberto Tonhati"]
[Result "1-0"]
[WhiteElo "2095"]
[BlackElo "1660"]
[PlyCount "53"]
[EventDate "2013.11.15"]
[EventType "swiss"]
[EventRounds "6"]
[EventCountry "BRA"]
[SourceTitle "EXT 2015"]
[Source "ChessBase"]
[SourceDate "2014.11.20"]
[SourceVersion "1"]
[SourceVersionDate "2014.11.20"]
[SourceQuality "1"]

1. e4 e5 2. Nf3 Nc6 3. Bc4 Nf6 4. Ng5 d5 5. exd5 Na5 6. Qe2 Bd6 7. Nc3 Nxc4 8. Qxc4 0-0 9. d3 Bd7 10. Qh4 h6 11. Nge4 Nxe4 12. Qxd8 Raxd8 13. dxe4 c6 14. Be3 b6 15. 0-0-0 cxd5 16. Nxd5 Bc6 17. Rd2 f6 18. Rhd1 Bb8 19. Ne7+ Kf7 20. Nxc6 Rxd2 21. Rxd2 Rc8 22. Rd7+ Ke6 23. Nxb8 Rxb8 24. Rxg7 a6 25. Ra7 a5 26. Ra6 Rg8 27. g3 1-0

[Event "Barrinha op"]
[Site "Barrinha"]
[Date "2011.10.15"]
[Round "4"]
[White "De Rossi, Pedro Donizeti"]
[Black "Pereira, Juliano Resende M"]
[Result "1/2-1/2"]
[WhiteElo "2078"]
[BlackElo "2240"]
[PlyCount "89"]
[EventDate "2011.10.14"]
[EventType "swiss"]
[EventRounds "6"]
[EventCountry "BRA"]
[SourceTitle "CBM 144 Extra"]
[Source "ChessBase"]
[SourceDate "2011.10.28"]
[SourceVersion "1"]
[SourceVersionDate "2011.10.28"]
[SourceQuality "1"]

1. c4 e6 2. Nf3 Nf6 3. Nc3 c5 4. e4 Nc6 5. d3 d6 6. Be2 Be7 7. 0-0 a6 8. Ne1 d5 9. Bg5 dxc4 10. dxc4 Qc7 11. Qd3 Ng4 12. Bxg4 Bxg5 13. Nf3 Bf6 14. Rad1 0-0 15. Qd6 Qa5 16. Bh5 Qb4 17. e5 Be7 18. Qc7 g6 19. Bg4 Qxc4 20. Bh3 Qb4 21. Rd2 Qa5 22. Qxa5 Nxa5 23. Rfd1 b5 24. g3 Bb7 25. Bg2 Rfd8 26. Rd7 Kf8 27. b3 Ke8 28. R7d2 Rxd2 29. Rxd2 c4 30. Nd4 Bxg2 31. Kxg2 Bb4 32. Rc2 Rd8 33. Nde2 cxb3 34. axb3 Rc8 35. Ra2 Nxb3 36. Ne4 a5 37. Nf6+ Ke7 38. Nf4 h5 39. Nd3 Nc1 40. Nxc1 Rxc1 41. f4 a4 42. Rb2 a3 43. Rxb4 a2 44. Rd4 Rc7 45. Ng8+ 1/2-1/2

[Event "Birigui U2200 op 2nd"]
[Site "Birigui"]
[Date "2007.12.07"]
[Round "?"]
[White "De Rossi, Pedro Donizeti"]
[Black "Shiroma, Silvio Haruo"]
[Result "1-0"]
[WhiteElo "2072"]
[BlackElo "2166"]
[PlyCount "61"]
[EventDate "2007.12.07"]
[EventType "swiss"]
[EventRounds "6"]
[EventCountry "BRA"]
[SourceTitle "EXT 2022"]
[Source "ChessBase"]
[SourceDate "2021.10.06"]
[SourceVersion "1"]
[SourceVersionDate "2021.10.06"]
[SourceQuality "1"]

1. e4 e5 2. Nf3 Nc6 3. Bc4 Bc5 4. 0-0 Qf6 5. c3 d6 6. d4 exd4 7. cxd4 Nxd4 8. Nxd4 Bxd4 9. Qe2 Ne7 10. Kh1 0-0 11. f4 Kh8 12. Nc3 c6 13. Bd2 Ng8 14. Rae1 Qe7 15. Qd3 Bb6 16. f5 h6 17. Ne2 Bc7 18. Nf4 b5 19. Bb3 a5 20. Bc2 Nf6 21. Qh3 Bb6 22. Rf3 Bd4 23. Qh4 Ra7 24. Nh5 Nxh5 25. Qxh5 Qf6 26. Rg3 d5 27. Bg5 Qd6 28. f6 Bxf6 29. Bxh6 g6 30. Bxf8+ gxh5 31. Bxd6 1-0

[Event "Birigui U2200 op 2nd"]
[Site "Birigui"]
[Date "2007.12.07"]
[Round "2.4"]
[White "Van Riemsdijk, Felipe Herman"]
[Black "De Rossi, Pedro Donizeti"]
[Result "0-1"]
[WhiteElo "1801"]
[BlackElo "2072"]
[PlyCount "42"]
[EventDate "2007.12.07"]
[EventType "swiss"]
[EventRounds "6"]
[EventCountry "BRA"]
[SourceTitle "EXT 2022"]
[Source "ChessBase"]
[SourceDate "2021.10.06"]
[SourceVersion "1"]
[SourceVersionDate "2021.10.06"]
[SourceQuality "1"]

1. e4 c5 2. Nc3 Nc6 3. f4 e6 4. g3 d5 5. d3 d4 6. Nce2 Nf6 7. Bg2 Be7 8. Nf3 0-0 9. 0-0 Qb6 10. Kh1 Ng4 11. Rb1 Rd8 12. a3 c4 13. Nexd4 Nxd4 14. Nxd4 Qxd4 15. Qxg4 cxd3 16. cxd3 f5 17. exf5 Qxd3 18. Ra1 exf5 19. Qf3 Be6 20. Qxb7 Bd5 21. Qxe7 Qxf1# 0-1

[Event "Barrinha Gardengui op"]
[Site "Barrinha"]
[Date "2007.11.18"]
[Round "7.5"]
[White "De Rossi, Pedro Donizeti"]
[Black "Brandao, Evandro Alves"]
[Result "0-1"]
[WhiteElo "2072"]
[BlackElo "2053"]
[PlyCount "158"]
[EventDate "2007.11.15"]
[EventType "swiss"]
[EventRounds "7"]
[EventCountry "BRA"]
[SourceTitle "EXT 2022"]
[Source "ChessBase"]
[SourceDate "2021.10.06"]
[SourceVersion "1"]
[SourceVersionDate "2021.10.06"]
[SourceQuality "1"]

1. d4 Nf6 2. Nf3 d5 3. Bf4 e6 4. g3 Nbd7 5. Bg2 Be7 6. 0-0 0-0 7. Nbd2 Nh5 8. Be3 f5 9. Ne5 Nxe5 10. dxe5 d4 11. Bf4 g5 12. e4 Ng7 13. exf5 gxf4 14. f6 Bxf6 15. exf6 Qxf6 16. Ne4 Qd8 17. g4 Kh8 18. Qd3 e5 19. Qh3 Qe7 20. f3 Bd7 21. Qh6 Qe6 22. Qg5 b6 23. Rfe1 Rae8 24. Bf1 Bc6 25. Bd3 Qd7 26. Qh6 Ne6 27. h4 Qg7 28. Qh5 Re7 29. g5 Be8 30. Qg4 h5 31. Qg2 Bg6 32. Qe2 Nd8 33. Kf2 Nb7 34. Nf6 Nd6 35. Nd5 Bxd3 36. Qxd3 Ree8 37. Nf6 Rxf6 38. gxf6 Qxf6 39. Qe2 Qxh4+ 40. Kf1 Nf5 41. Qb5 Qh1+ 42. Ke2 Qg2+ 43. Kd1 Qxf3+ 44. Kc1 c6 45. Qc4 Nd6 46. Qd3 Qxd3 47. cxd3 Nf5 48. Kd2 Kg7 49. Rac1 Re6 50. Ke2 Kf6 51. b4 Ng3+ 52. Kf3 Ke7 53. Rc4 Nf5 54. Rg1 Ng3 55. a4 Rh6 56. b5 c5 57. a5 h4 58. Kg2 h3+ 59. Kh2 Ke6 60. axb6 axb6 61. Ra4 Kf5 62. Ra8 Kg4 63. Rc8 Kf3 64. Rc6 Rh8 65. Rxb6 Kf2 66. Ra6 Ne2 67. Ra2 Ke3 68. Re1 f3 69. b6 Rb8 70. Rb2 Kxd3 71. Kxh3 Ke3 72. Kg4 d3 73. Kf5 f2 74. Ra1 f1Q+ 75. Rxf1 Ng3+ 76. Kxe5 Nxf1 77. Kd5 d2 78. Rb3+ Ke2 79. Rb2 Rxb6 0-1

[Event "Barrinha Gardengui op"]
[Site "Barrinha"]
[Date "2007.11.16"]
[Round "3.3"]
[White "De Rossi, Pedro Donizeti"]
[Black "Santos, Renato Andrade"]
[Result "1/2-1/2"]
[WhiteElo "2072"]
[BlackElo "2265"]
[PlyCount "79"]
[EventDate "2007.11.15"]
[EventType "swiss"]
[EventRounds "7"]
[EventCountry "BRA"]
[SourceTitle "EXT 2022"]
[Source "ChessBase"]
[SourceDate "2021.10.06"]
[SourceVersion "1"]
[SourceVersionDate "2021.10.06"]
[SourceQuality "1"]

1. d4 Nf6 2. Nf3 g6 3. c4 Bg7 4. Nc3 0-0 5. g3 d5 6. Bg2 c6 7. cxd5 cxd5 8. 0-0 Nc6 9. h3 Ne4 10. Bf4 Nxc3 11. bxc3 Be6 12. Ng5 Bc8 13. Nf3 Na5 14. Qc1 Re8 15. Bh6 Bh8 16. Qf4 f6 17. Qh4 Nc4 18. Nh2 Be6 19. Ng4 Nd6 20. Bd2 Nf5 21. Nh6+ Nxh6 22. Qxh6 Rc8 23. e4 Qd7 24. Kh2 dxe4 25. Bxe4 Bg7 26. Qh4 Bd5 27. Rfe1 e5 28. Bxd5+ Qxd5 29. a4 f5 30. Be3 e4 31. Bd2 Rc4 32. Reb1 a6 33. a5 h6 34. Rb6 g5 35. Qh5 Re6 36. Rxe6 Qxe6 37. Rb1 Qd7 38. Qd1 Kh7 39. Qb3 Rc7 40. d5 1/2-1/2

[Event "Americana Paulista Interior"]
[Site "Americana"]
[Date "2007.10.14"]
[Round "5"]
[White "De Rossi, Pedro Donizeti"]
[Black "Oliveira, Jefferson dos Santo"]
[Result "1-0"]
[WhiteElo "2072"]
[BlackElo "2295"]
[PlyCount "61"]
[EventDate "2007.10.12"]
[EventType "swiss"]
[EventRounds "6"]
[EventCountry "BRA"]
[SourceTitle "EXT 2022"]
[Source "ChessBase"]
[SourceDate "2021.10.06"]
[SourceVersion "1"]
[SourceVersionDate "2021.10.06"]
[SourceQuality "1"]

1. e4 c5 2. c4 Nc6 3. Nf3 Nf6 4. Nc3 e5 5. d3 d6 6. Be2 Be7 7. 0-0 0-0 8. Ne1 Nd4 9. f4 a6 10. f5 b5 11. b3 b4 12. Nd5 Nxd5 13. cxd5 a5 14. a4 bxa3 15. Rxa3 Qb6 16. Bd2 c4 17. Be3 cxb3 18. Nf3 Qb4 19. Nxd4 Qxa3 20. Nc6 Bf6 21. g4 h6 22. h4 Bxh4 23. g5 Re8 24. Bh5 Bd7 25. Qg4 hxg5 26. Bxf7+ Kf8 27. Bxe8 Rxe8 28. Qh5 Bxc6 29. f6 gxf6 30. Qh8+ Ke7 31. Qg7+ 1-0